000 00382pab a2200157 454500
008 180718b1985 xxu||||| |||| 00| 0 eng d
100 _aSingh, P.
245 _aConflict management strategy a scenario of avoidance
260 _c1985
300 _a57-84
362 _aAutumn
650 _aManagement
700 _aMS. Kokila Parthasarthy
773 _aAbhijyan
909 _a13080
999 _c13080
_d13080